Statistics for The Walking Dead Characters

Click here to take the quiz!

General Stats

  • This quiz has been taken 1,664 times
  • The average score is 33 of 90

Answer Stats

HintAnswer% Correct
S1+Rick
99%
S1+Carl
97%
S1-S3Lori
95%
S1-S2Shane
93%
S1+Daryl
92%
S1+Carol
89%
S1+Glenn
89%
S2+Maggie
89%
S1-S3Andrea
87%
S2-S4Hershel
87%
S2-S5Beth
82%
S1-S2Dale
82%
S1-S3Merle
80%
S1Amy
76%
S1-S3Theodore (t-dog)
76%
S2+Michonne
72%
S1Ed
68%
S1Jim
68%
S1-S2Sophia
68%
S3+Sasha
63%
S4+Abraham
62%
S4+Rosita
59%
S1+Morgan
58%
S2Otis
57%
S3-S4Phillip (the governor)
55%
S3-S5Tyreese
55%
S4+Eugene
54%
S4+Tara
54%
S2Patricia
51%
S2Jimmy
49%
S1Jacqui
47%
S5Bob
45%
S4-S5Bob
45%
S1-?Morales
45%
S5+Deanna
38%
S5+Aaron
33%
S1-S2/S3Duane
32%
S5+Gabriel
32%
S5Noah
32%
S5+Jessie
31%
S5+Spencer
31%
S5+Enid
30%
S5+Ron
30%
S4Lily or Lilly (not sure)
29%
S5Martin
29%
S2Randall
29%
S5+Sam
29%
S3Axel
26%
S3Milton
26%
S4-S5Gareth
25%
S5Pete
25%
S4Pete
25%
S3-S4.Martinez
22%
S5Reg
21%
S5Reg
21%
S5Dawn
20%
S5+Eric
17%
S4Meghan
17%
S5Aiden
16%
S2Dave
16%
S3-S4Karen
16%
S5-S6Nicholas
15%
S3Tomas
15%
S3Andrew
13%
S6+Denise
13%
S2Tony
13%
S3Big Tiny
12%
S1Dr. Jenner
12%
S3Ben
11%
S3Donna
11%
S4Joe
11%
S3-S4Shumpert
11%
S1-?Guillermo
10%
S4-S5Mary
10%
S3Allen
9%
S5+Tobin
9%
S4Alex
8%
S6+Heath
8%
S4Zach
8%
S4Lou
7%
S4Mitch
7%
S1-?Felipe
5%
S5+Francine
4%
S4Len
4%
S5+Bruce
3%
S4Caleb
3%
S6+Carter
3%
S5Gorman
3%
S5+Mikey
3%
S3Oscsr
3%

Score Distribution

Percentile by Number Answered

Percent of People with Each Score

Your Score History

You have not taken this quiz